000 00892cab a2200253 4500
001 ABS48522
008 090401t xxu||||| |||| 00| 0 eng d
035 _a(Sirsi) u67231
041 _aeng
100 _aJones, E.
245 _aDevelopments in the construction industry
260 _c137(16) 30 April1993, 406-407(2)
350 _a0
490 _aSolicitors` Journal
_v137(16) 30 April1993, 406-407(2)
520 _aDiscusses legal developments in the construction industry, paying particular attention to recovery of costs and the award of costs to claims consultants and lay advocates. References to case law.
650 _aCLAIMS CONSULTANTS
650 _aCONTINGENCY FEES
650 _aCOURTS AND LEGAL SERVICES ACT 1990
650 _aLEGAL COSTS
650 _aPIPER DOUBLE GLAZING LTD V D C CONTRACTS
690 _aBUILT ENVIRONMENT
942 _n0
948 _c04/03/1997
999 _c42072
_d42072